Por un cristianismo renovado
Wedi'i Gadw mewn:
| Prif Awdur: | |
|---|---|
| Awdur Corfforaethol: | |
| Fformat: | Llyfr |
| Iaith: | Spanish |
| Cyhoeddwyd: |
San José, Costa Rica
DEI
1987
|
| Pynciau: | |
| Tagiau: |
Ychwanegu Tag
Dim Tagiau, Byddwch y cyntaf i dagio'r cofnod hwn!
|
MARC
| LEADER | 00000nam a22000007a 4500 | ||
|---|---|---|---|
| 003 | cru CIDCACS/IIS | ||
| 005 | 20180914113219.0 | ||
| 008 | 180914b1987 cr ||||| |||| 00| 0 spa d | ||
| 999 | |c 41690 |d 41690 | ||
| 040 | |c cru CIDCACS/IIS | ||
| 090 | 4 | |a REV0750 (12) 1987 | |
| 100 | 1 | |9 7704 |a Mora, Arnoldo | |
| 110 | 2 | |9 7636 |a Departamento Ecuménico de Investigaciones (DEI) | |
| 245 | 1 | 7 | |a Por un cristianismo renovado |c Arnoldo Mora |
| 260 | |a San José, Costa Rica |b DEI |c 1987 | ||
| 300 | |a 10-11 páginas | ||
| 650 | 1 | 7 | |2 Macrotesauro OCDE |9 1862 |a CRISTIANISMO |
| 650 | 1 | 7 | |2 Macrotesauro OCDE |9 3285 |a TEOLOGIA DE LA LIBERACION |
| 650 | 1 | 7 | |2 Macrotesauro OCDE |9 3852 |a PLURALISMO |
| 773 | 0 | |0 41641 |9 2252 |a Departamento Ecuménico de Investigaciones (DEI) |d San José, Costa Rica Departamento Ecuménico de Investigaciones (DEI) |o 20038 |t Pasos / | |
| 942 | |2 ddc |c PP | ||
